000 01072 a2200205 4500
020 _a0813315557
020 _a9780813315553
082 0 4 _a300.72
090 _c998
_d998
100 1 _aMalec, Michael A.
245 1 0 _aEssential statistics for social research /
_cMichael A. Malec.
250 _a2 Rev Upd ed.
260 _a[S.l.] :
_bWestview Pr (Short Disc),
_c1993.
300 _a255 p. ;
_c24 cm.
500 _aHardcover.
520 _aThis is a course textbook on statistics for social research which covers essential statistics for the beginning student. It features examples that demonstrate the use of computers to analyse data. The chapters on testing the difference between means and on measuring association between interval-level variables have been considerably expanded, as has the discussion of handling three of more variables.
856 4 0 _3Amazon.com
_uhttp://www.amazon.com/exec/obidos/ASIN/0813315557/chopaconline-20
856 4 0 _3Amazon customer reviews
_uhttp://www.chopac.org/cgi-bin/tools/azrev.pl?q=0813315557
942 _aNBS
_cBK
_k300.72 MAL
999 _c343536
_d343536